Otros ejemplos recientes (Record no. 193977)
[ view plain ]
| 000 -LEADER | |
|---|---|
| campo de control de longitud fija | 02144nam a2200325 i 4500 |
| 001 - NÚMERO DE CONTROL | |
| campo de control | 193977 |
| 003 - IDENTIFICADOR DE NÚMERO DE CONTROL | |
| campo de control | SpMaBN |
| 005 - FECHA Y HORA DE LA ÚLTIMA TRANSACCIÓN | |
| campo de control | 20250711063122.0 |
| 008 - DATOS DE LONGITUD FIJA--INFORMACIÓN GENERAL | |
| campo de control de longitud fija | 240125s2023 sp | |||| 000 spa |
| 015 ## - NÚMERO DE BIBLIOGRAFÍA NACIONAL | |
| Número de bibliografía nacional | MON24 |
| 017 ## - NÚMERO DE COPYRIGHT O DE DEPÓSITO LEGAL | |
| Número de copyright o de depósito legal | BI 01040-2023 |
| Agencia que asigna | Oficina Depósito Legal Vizcaya |
| 020 ## - NÚMERO INTERNACIONAL ESTÁNDAR DEL LIBRO | |
| Número Internacional Estándar del Libro | 9788412583373 |
| 040 ## - FUENTE DE CATALOGACIÓN | |
| Centro catalogador/agencia de origen | SpMaBN |
| Lengua de catalogación | spa |
| Centro/agencia transcriptor | SpMaBN |
| Normas de descripción | rda |
| 100 ## - ENTRADA PRINCIPAL--NOMBRE DE PERSONA | |
| Nombre de persona | Cesarco, Alejandro |
| Término indicativo de función/relación | Artista |
| 9 (RLIN) | 240460 |
| 245 ## - MENCIÓN DEL TÍTULO | |
| Título | Otros ejemplos recientes |
| Resto del título | = Other Recent Examples = Outros exemplos recentes = Beste adibide berri batzuk / |
| Mención de responsabilidad, etc. | Alejandro Cesarco ; traducciones de Cecilia Pavón, Luìsa Yokochi, Maria Jose Kerejeta |
| 260 ## - PUBLICACIÓN, DISTRIBUCIÓN, ETC. | |
| Lugar de publicación, distribución, etc. | Bilbao : |
| Nombre del editor, distribuidor, etc. | Artium Museoa ; Luminar Cité ; Caniche Editorial, |
| Fecha de publicación, distribución, etc. | 2023 |
| 300 ## - DESCRIPCIÓN FÍSICA | |
| Extensión | 166 pág ; |
| Dimensiones | 20 cm |
| 336 ## - TIPO DE CONTENIDO | |
| Término de tipo de contenido | Texto |
| Fuente | rdacontent |
| 337 ## - TIPO DE MEDIO | |
| Nombre/término del tipo de medio | sin mediación |
| Fuente | rdamedia |
| 338 ## - TIPO DE SOPORTE | |
| Nombre/término del tipo de soporte | volumen |
| Fuente | rdacarrier |
| 501 ## - NOTA DE CON | |
| Nota de "Con" | |
| 520 ## - RESUMEN, ETC. | |
| Sumario, etc. | Otros ejemplos recientes no es técnicamente ni un libro de artista, ni un catálogo, ni un libro de ensayo, ni un ejercicio de traducción, y sin embargo es todo eso a la vez. Esta publicación reúne, por un lado, obra que aborda las diferentes funciones, usos y formas de la pedagogía y, por otro, trabajos que reflexionan sobre las relaciones entre la lengua materna, el bilingüismo y el peculiar ecosistema que sustenta esa interrelación. Otros ejemplos recientes incluye, además, un ensayo de Mirene Arsanios, cartelas de obras expandidas y una serie de epígrafes que funcionan como prólogo y delatan la influencia de Macedonio Fernández en la concepción de la publicación.<br/><br/>Editado con ocasión de las exposiciones de Alejandro Cesarco en Artium Museoa (Vitoria) y Lumiar Cité (Lisboa). |
| 655 #7 - TERMINO DE INDIZACIÓN--GENERO/FORMA | |
| Fuente del término | tgfbne |
| 9 (RLIN) | 193628 |
| Datos o término principal de género/forma | Catálogos de exposiciones |
| 852 ## - LOCALIZACIÓN | |
| Ubicación | ES-MaACL |
| Sublocalización o colección | R.154988 |
| Ubicación en estantería | Depósito J |
| Número de control de estantería | N-9781 |
| Encuadernación | Encuadernación rústica con solapas |
| Donativo/Legado | Donación: Editorial |
| itemnumber | 205511 |
| 942 ## - ELEMENTOS DE ENTRADA SECUNDARIOS (KOHA) | |
| Tipo de ítem Koha | Libro impreso |
| Suprimir en OPAC | No |
| Estatus retirado | Estado de pérdida | Fuente del sistema de clasificación o colocación | Estado de daño | No para préstamo | Biblioteca de origen | Biblioteca actual | Ubicación en estantería | Fecha de adquisición | Fuente de adquisición | Total de préstamos | Signatura topográfica completa | Código de barras | Visto por última vez | Precio de reemplazo | Tipo de ítem Koha |
|---|---|---|---|---|---|---|---|---|---|---|---|---|---|---|---|
| Clasificación decimal universal | Biblioteca del Ateneo de Madrid | Biblioteca del Ateneo de Madrid | Depósito J | 13/05/2025 | Donación | N-9781 | 101230093 | 13/05/2025 | 13/05/2025 | Libro impreso |
